Click the Correct Country (WORLD) - Statistics

General Stats
  • This quiz has been taken 34 times
  • The average score is 129 of 196
Answers on the Map
Answers color-coded by a green-red scale on the quiz's map according to % correct below.
 
Answer Stats
Answer % Correct
China
94%
Iceland
94%
India
88%
Indonesia
88%
North Korea
88%
Russia
88%
Yemen
88%
Argentina
81%
Australia
81%
Bahamas
81%
Brazil
81%
Canada
81%
Cuba
81%
Denmark
81%
Dominican Republic
81%
Ecuador
81%
Egypt
81%
Fiji
81%
Greece
81%
Japan
81%
Madagascar
81%
Mexico
81%
Morocco
81%
New Zealand
81%
Papua New Guinea
81%
Peru
81%
Philippines
81%
Poland
81%
South Africa
81%
South Korea
81%
Spain
81%
Sudan
81%
Ukraine
81%
United Kingdom
81%
United States
81%
Angola
75%
Austria
75%
Belgium
75%
Burkina Faso
75%
Chile
75%
Costa Rica
75%
Democratic Republic of the Congo
75%
France
75%
Guinea
75%
Ireland
75%
Italy
75%
Kazakhstan
75%
Laos
75%
Latvia
75%
Libya
75%
Lithuania
75%
Maldives
75%
Netherlands
75%
Niger
75%
Pakistan
75%
Portugal
75%
Saudi Arabia
75%
Sweden
75%
Switzerland
75%
Taiwan
75%
Togo
75%
Turkey
75%
United Arab Emirates
75%
Uruguay
75%
Venezuela
75%
Afghanistan
69%
Antigua and Barbuda
69%
Bangladesh
69%
Belarus
69%
Bhutan
69%
Bolivia
69%
Cabo Verde
69%
Cambodia
69%
Central African Republic
69%
Chad
69%
Colombia
69%
Czechia
69%
Djibouti
69%
Estonia
69%
Ethiopia
69%
Georgia
69%
Germany
69%
Haiti
69%
Hungary
69%
Iraq
69%
Lesotho
69%
Malawi
69%
Mali
69%
Malta
69%
Mauritania
69%
Mauritius
69%
Monaco
69%
Mongolia
69%
Myanmar
69%
Nepal
69%
Nigeria
69%
Oman
69%
Panama
69%
Romania
69%
Rwanda
69%
South Sudan
69%
Sri Lanka
69%
Tanzania
69%
Tunisia
69%
Turkmenistan
69%
Vietnam
69%
Albania
63%
Algeria
63%
Armenia
63%
Azerbaijan
63%
Bahrain
63%
Botswana
63%
Cameroon
63%
Comoros
63%
Cyprus
63%
Eritrea
63%
Eswatini
63%
Finland
63%
Gabon
63%
Honduras
63%
Iran
63%
Kenya
63%
Kyrgyzstan
63%
Luxembourg
63%
Mozambique
63%
Namibia
63%
Nicaragua
63%
North Macedonia
63%
Paraguay
63%
Republic of the Congo
63%
Saint Kitts and Nevis
63%
Samoa
63%
San Marino
63%
Senegal
63%
Serbia
63%
Seychelles
63%
Slovenia
63%
Solomon Islands
63%
Somalia
63%
Vatican City
63%
Zambia
63%
Zimbabwe
63%
Andorra
56%
Benin
56%
Bosnia and Herzegovina
56%
Burundi
56%
Croatia
56%
El Salvador
56%
Equatorial Guinea
56%
Gambia
56%
Ghana
56%
Guatemala
56%
Guyana
56%
Israel
56%
Jamaica
56%
Kiribati
56%
Kosovo
56%
Kuwait
56%
Liberia
56%
Liechtenstein
56%
Moldova
56%
Montenegro
56%
Norway
56%
Qatar
56%
São Tomé and Principe
56%
Sierra Leone
56%
Slovakia
56%
Suriname
56%
Syria
56%
Thailand
56%
Trinidad and Tobago
56%
Uganda
56%
Belize
50%
Bulgaria
50%
Cote d'Ivoire
50%
dominica
50%
Jordan
50%
Malaysia
50%
Saint Lucia
50%
Saint Vincent and the Grenadines
50%
Timor-Leste
50%
Tuvalu
50%
Uzbekistan
50%
Vanuatu
50%
Barbados
44%
Brunei
44%
Guinea-Bissau
44%
Lebanon
44%
Micronesia
44%
Tonga
44%
Grenada
38%
Palau
38%
Marshall Islands
31%
Nauru
31%
Tajikistan
31%
Singapore
0%
No matching quizzes found
Score Distribution
Percent of People with Each Score
Percentile by Number Answered
Your Score History
You have not taken this quiz